00535 2200181 4500001002100000008004100021035002000062245010800082100004300190250000600233260004200239300001200281084001400293082000800307650001400315990001200329990001200341INLIS000000000000621 ind  a0010-0424000597 aKumpulan Soal dan Pembahasan Olimpiade Sains Matematika Jilid 2cLembaga Olimpiade Pendidikan Indonesia aLembaga Olimpiade Pendidikan Indonesia a1 aJakarta :bBina Prestasi Insanic2014 a102 hlm a510 LEM k a510 aNon Fiksi a0722430 a0722431